Management of Organizational Behaviour:leading human resource (Record no. 727)

MARC details
000 -LEADER
fixed length control field 00467nam a22001697a 4500
005 - DATE AND TIME OF LATEST TRANSACTION
control field 20180727143226.0
008 - FIXED-LENGTH DATA ELEMENTS--GENERAL INFORMATION
fixed length control field 160513b xxu||||| |||| 00| 0 eng d
020 ## - INTERNATIONAL STANDARD BOOK NUMBER
ISBN 81-203-2042-5
041 ## - LANGUAGE CODE
Language code of text/sound track or separate title eng
082 ## - DEWEY DECIMAL CLASSIFICATION NUMBER
Item number 1925
Classification number 658.3
100 ## - MAIN ENTRY--AUTHOR NAME
Personal name Paul , Hersey and others
245 ## - TITLE STATEMENT
Title Management of Organizational Behaviour:leading human resource
260 ## - PUBLICATION, DISTRIBUTION, ETC. (IMPRINT)
Place of publication New Delhi
Name of publisher Prentice hall of India,
Year of publication 2001
300 ## - PHYSICAL DESCRIPTION
Number of Pages 516p,
650 ## - SUBJECT ADDED ENTRY--TOPICAL TERM
Topical Term Management
942 ## - ADDED ENTRY ELEMENTS (KOHA)
Koha item type Books
Holdings
Lost status Damaged status Collection code Home library Current library Shelving location Date acquired Cost, normal purchase price Full call number Accession Number Koha item type
    MANAGEMENT JRU Library JRU Library SHELF-65-B 13/05/2016 195.00 658.3 1925 Books
    MANAGEMENT JRU Library JRU Library SHELF-65-B 13/05/2016 195.00 658.3 1926 Books
    MANAGEMENT JRU Library JRU Library SHELF-65-B 13/05/2016 195.00 658.3 1927 Books
    MANAGEMENT JRU Library JRU Library SHELF-65-B 13/05/2016 195.00 658.3 1928 Books
    MANAGEMENT JRU Library JRU Library SHELF-65-B 13/05/2016 195.00 658.3 1929 Books
    MANAGEMENT JRU Library JRU Library SHELF-65-B 13/05/2016 195.00 658.3 1930 Books
    MANAGEMENT JRU Library JRU Library SHELF-65-B 13/05/2016 195.00 658.3 1931 Books